|
|
|
|
| LEADER |
00694nam a22001931 4500 |
| 001 |
c000358275 |
| 003 |
CARM |
| 005 |
00000000000000.0 |
| 008 |
851113s1965 nyu 0aspa d |
| 019 |
1 |
|
|a 4121541
|5 LACONCORD2021
|
| 035 |
|
|
|a (OCoLC)326422
|5 LACONCORD2021
|
| 100 |
2 |
|
|a Márquez Sterling, Carlos,
|d 1899-
|
| 245 |
1 |
0 |
|a Marti, ciudadano de America.
|
| 260 |
|
|
|a N.Y. :
|b Las Americas,
|c 1965.
|
| 600 |
1 |
0 |
|a Martí, José,
|d 1853-1895.
|
| 852 |
8 |
|
|b CARM
|h A2:AR05G0
|i B07011
|p 0309372
|f BK
|
| 082 |
0 |
4 |
|a 861.5
|
| 999 |
f |
f |
|i 8c5a46be-7037-58a8-be2b-f0bc80fe8ed5
|s 6ae33005-4900-5ad7-b460-86493885b753
|
| 952 |
f |
f |
|p Can circulate
|a CAVAL
|b CAVAL
|c CAVAL
|d CARM 1 Store
|e B07011
|f A2:AR05G0
|h Other scheme
|i book
|m 0309372
|